000 00864cam a22002897a 4500
003 CHAP
005 20220329140605.0
008 971013s1975 r 00010 d
010 _a54369
011 _a55341
035 _a59493
040 _cCHAP
082 _a633.368
_bW5
100 0 0 _aWilson, Roger J.
_9122237
245 1 4 _aThe market for edible groundnuts
260 _aLondon :
_bTropical Products Institute,
_c1975
300 _a118 p.
_b; gráfs.
490 0 _aTPI. Report
_v; G 96
590 _aBATCH-UPD
_b10
_c20130110
_lUCH01
_h0129
590 _aBATCH-UPD
_b10
_c20130110
_lUCH01
_h2155
590 _aCONVERSION
_b10
_c20130109
_lUCH01
_h1329
650 1 4 _aCacahuate
_xMercadeo.
_916888
830 0 _aTPI. Report
_v; G 96
_9114474
901 _aBK
942 _cLIBRO
949 _a633.368 W5
_bBC
_cLIBRO
_d33724000219150
_eLIBRO
_h9783
_i59493
_si
_t153.00
999 _c54369
_d54369